000 00477nam a22001697a 4500
005 20251108172512.0
008 250721s9999 xx 000 0 ara d
082 1 4 _a808عيا
100 1 _aعياشي، منذر
245 1 0 _aالكتابة الثانية وفاتحة المتعة /
264 1 _aبيروت :
_bالمركز الثقافي العربي،
300 _a184ص.
650 1 7 _aالأدب
650 1 7 _aالكتابة
942 _2ddc
_cBK
999 _c81007
_d81007